[Event "CCCSA GM Norm A 2019"]
[Site "Charlotte"]
[Date "2019.06.09"]
[Round "7.2"]
[White "Jacobson, Brandon"]
[Black "Korley, Kassa"]
[Result "0-1"]
[WhiteElo "2486"]
[BlackElo "2430"]
[Annotator "RC"]
[PlyCount "102"]
[EventDate "2019.06.05"]
[EventType "tourn"]
[EventCountry "USA"]
[SourceTitle "playchess.com"]
[Source "ChessBase"]
[SourceQuality "1"]
[TimeControl "5400+30"]

1. e4 {[%emt 0:06:02]} c6 {[%emt 0:00:00]} 2. Nc3 {[%emt 0:00:33]} d5 {[%emt 0:00:00]} 3. Nf3 {[%emt 0:00:03]} Bg4 {[%emt 0:00:00]} 4. h3 {[%emt 0:00:05]} Bxf3 {[%emt 0:00:00]} 5. Qxf3 {[%emt 0:00:04]} Nf6 {[%emt 0:00:00]} 6. Be2 {[%emt 0:02:15]} e6 {[%emt 0:00:42]} 7. Qf4 {[%emt 0:00:58]} g6 {[%emt 0:04:55]} 8. exd5 {[%emt 0:06:52]} exd5 {[%emt 0:00:53]} 9. d4 {[%emt 0:00:44]} Bg7 {[%emt 0:00:32]} 10. Qe3+ {[%emt 0:01:51]} Kf8 {[%emt 0:01:22]} 11. Qg3 {[%emt 0:07:18]} Nbd7 {[%emt 0:01:09]} 12. O-O {[%emt 0:11:08]} Ne8 {[%emt 0:03:12]} 13. Be3 {[%emt 0:01:33]} h5 {[%emt 0:02:28]} 14. Bd3 {[%emt 0:02:06]} h4 {[%emt 0:00:26]} 15. Qg4 {[%emt 0:55:58]} Ndf6 {[%emt 0:00:43]} 16. Qe2 {[%emt 0:00:00]} Nd6 {[%emt 0:01:50]} 17. Bf4 {[%emt 0:00:00]} Nh5 {[%emt 0:06:08]} 18. Be5 {[%emt 0:00:00]} Ne8 {[%emt 0:01:53]} 19. Rae1 {[%emt 0:00:00]} Bxe5 {[%emt 0:03:35]} 20. dxe5 {[%emt 0:00:00]} Nf4 {[%emt 0:02:20]} 21. Qg4 {[%emt 0:00:00]} Nxd3 {[%emt 0:00:16]} 22. cxd3 {[%emt 0:00:00]} Ng7 {[%emt 0:00:27]} 23. Ne2 {[%emt 0:00:00]} Ne6 {[%emt 0:00:25]} 24. f4 {[%emt 0:00:00]} Rh5 {[%emt 0:00:22]} 25. f5 {[%emt 0:00:00]} Rxf5 {[%emt 0:00:06]} 26. Rxf5 {[%emt 0:00:00]} gxf5 {[%emt 0:00:03]} 27. Qxf5 {[%emt 0:00:00]} Qg5 {[%emt 0:00:05]} 28. Qxg5 {[%emt 0:00:00]} Nxg5 {[%emt 0:00:01]} 29. Nd4 {[%emt 0:00:00]} Ne6 {[%emt 0:00:58]} 30. Nf5 {[%emt 0:00:00]} Nf4 {[%emt 0:01:04]} 31. d4 {[%emt 0:00:00]} b6 {[%emt 0:04:31]} 32. Nxh4 {[%emt 0:00:00]} Ke7 {[%emt 0:00:23]} 33. Kh2 {[%emt 0:00:00]} c5 {[%emt 0:00:17]} 34. Rf1 {[%emt 0:00:00]} Nd3 {[%emt 0:00:30]} 35. Rf6 {[%emt 0:01:46]} Nxb2 {[%emt 0:00:27]} 36. Nf5+ {[%emt 0:00:08]} Kd7 {[%emt 0:00:12]} 37. Rxf7+ {[%emt 0:02:14]} Kc6 {[%emt 0:00:02]} 38. e6 {[%emt 0:03:37]} c4 {[%emt 0:00:26]} 39. Ng7 {[%emt 0:00:30]} c3 {[%emt 0:00:46]} 40. e7 {[%emt 0:00:18]} c2 {[%emt 0:00:51]} 41. e8=Q+ {[%emt 0:01:55]} Rxe8 {[%emt 0:00:06]} 42. Nxe8 {[%emt 0:00:02]} Kb5 {[%emt 0:00:05]} 43. Rf1 {[%emt 0:01:44]} Nd1 {[%emt 0:00:42]} 44. Nd6+ {[%emt 0:01:34]} Ka4 {[%emt 0:02:21]} 45. Rf7 {[%emt 0:00:40]} c1=Q {[%emt 0:00:06]} 46. Rxa7+ {[%emt 0:00:29]} Kb4 {[%emt 0:00:01]} 47. a3+ {[%emt 0:00:14]} Kb3 {[%emt 0:00:05]} 48. Rf7 {[%emt 0:00:06]} Kxa3 {[%emt 0:03:02]} 49. Nb5+ {[%emt 0:00:42]} Kb4 {[%emt 0:00:32]} 50. Nc7 {[%emt 0:00:21]} Ne3 {[%emt 0:00:19]} 51. h4 {[%emt 0:01:03]} Qb2 {[%emt 0:00:54]} 0-1

[Event "CCCSA GM Norm A 2019"]
[Site "Charlotte"]
[Date "2019.06.09"]
[Round "7.3"]
[White "Grigoryan, Karen H."]
[Black "Ostrovskiy, Aleksandr"]
[Result "1-0"]
[WhiteElo "2547"]
[BlackElo "2437"]
[Annotator "RC"]
[PlyCount "97"]
[EventDate "2019.06.05"]
[EventType "tourn"]
[EventCountry "USA"]
[SourceTitle "playchess.com"]
[Source "ChessBase"]
[SourceQuality "1"]
[TimeControl "5400+30"]

1. c4 {[%emt 0:00:00]} e6 {[%emt 0:04:06]} 2. Nf3 {[%emt 0:00:10]} d5 {[%emt 0:00:40]} 3. e3 {[%emt 0:00:45]} Nf6 {[%emt 0:02:04]} 4. d4 {[%emt 0:00:59]} b6 {[%emt 0:01:38]} 5. Nc3 {[%emt 0:00:35]} Bd6 {[%emt 0:00:47]} 6. b3 {[%emt 0:00:29]} O-O {[%emt 0:01:13]} 7. Bb2 {[%emt 0:02:37]} Bb7 {[%emt 0:00:59]} 8. Be2 {[%emt 0:00:36]} Nbd7 {[%emt 0:04:07]} 9. O-O {[%emt 0:00:19]} a6 {[%emt 0:03:46]} 10. Qc2 {[%emt 0:05:15]} Qe7 {[%emt 0:04:42]} 11. cxd5 {[%emt 0:01:49]} exd5 {[%emt 0:02:00]} 12. Nh4 {[%emt 0:00:23]} g6 {[%emt 0:02:31]} 13. Nf3 {[%emt 0:03:17]} Rac8 {[%emt 0:07:05]} 14. Rad1 {[%emt 0:00:20]} Rfe8 {[%emt 0:03:22]} 15. Rfe1 {[%emt 0:01:25]} Rcd8 {[%emt 0:16:34]} 16. Bf1 {[%emt 1:19:01]} Ne4 {[%emt 0:18:47]} 17. g3 {[%emt 0:00:00]} f5 {[%emt 0:08:11]} 18. Bg2 {[%emt 0:00:00]} Rf8 {[%emt 0:03:43]} 19. Rc1 {[%emt 0:00:00]} Rf7 {[%emt 0:00:44]} 20. Re2 {[%emt 0:00:00]} Re8 {[%emt 0:00:46]} 21. Rd1 {[%emt 0:00:00]} c6 {[%emt 0:03:39]} 22. Ree1 {[%emt 0:00:00]} a5 {[%emt 0:01:10]} 23. Na4 {[%emt 0:00:00]} Qd8 {[%emt 0:01:06]} 24. Ba1 {[%emt 0:00:00]} Bb4 {[%emt 0:01:24]} 25. Rf1 {[%emt 0:00:00]} Bd6 {[%emt 0:01:01]} 26. Nb2 {[%emt 0:00:00]} Ng5 {[%emt 0:04:19]} 27. Ne5 {[%emt 0:00:00]} Nxe5 {[%emt 0:00:23]} 28. dxe5 {[%emt 0:00:00]} Bxe5 {[%emt 0:00:47]} 29. f4 {[%emt 0:00:00]} Bg7 {[%emt 0:00:04]} 30. fxg5 {[%emt 0:00:00]} Qxg5 {[%emt 0:00:03]} 31. Na4 {[%emt 0:00:00]} Qxe3+ {[%emt 0:00:13]} 32. Qf2 {[%emt 0:00:00]} Bh6 {[%emt 0:03:07]} 33. Bd4 {[%emt 0:00:00]} Qxf2+ {[%emt 0:00:24]} 34. Bxf2 {[%emt 0:00:00]} b5 {[%emt 0:00:52]} 35. Nc5 {[%emt 0:00:00]} Bc8 {[%emt 0:00:17]} 36. Nd3 {[%emt 0:00:00]} Bg7 {[%emt 0:00:47]} 37. Rc1 {[%emt 0:00:00]} Bd7 {[%emt 0:00:11]} 38. Bb6 {[%emt 0:00:00]} a4 {[%emt 0:00:08]} 39. bxa4 {[%emt 0:00:00]} bxa4 {[%emt 0:00:01]} 40. Nc5 {[%emt 0:00:00]} Re2 {[%emt 0:00:15]} 41. Nxd7 {[%emt 0:00:00]} Rxd7 {[%emt 0:00:02]} 42. Rf2 {[%emt 0:00:00]} Rxf2 {[%emt 0:01:57]} 43. Bxf2 {[%emt 0:00:00]} Rb7 {[%emt 0:00:29]} 44. Rxc6 {[%emt 0:00:00]} Rb1+ {[%emt 0:00:08]} 45. Bf1 {[%emt 0:00:00]} a3 {[%emt 0:00:43]} 46. Rc8+ {[%emt 0:00:00]} Kf7 {[%emt 0:00:03]} 47. Rc7+ {[%emt 0:00:00]} Kg8 {[%emt 0:00:24]} 48. Rd7 {[%emt 0:00:00]} Rb2 {[%emt 0:01:16]} 49. Rxd5 {[%emt 0:00:00]} 1-0

[Event "CCCSA GM Norm A 2019"]
[Site "Charlotte"]
[Date "2019.06.09"]
[Round "7.4"]
[White "Yoo, Christopher Woojin"]
[Black "Zierk, Steven"]
[Result "1/2-1/2"]
[WhiteElo "2430"]
[BlackElo "2501"]
[Annotator "TA"]
[PlyCount "52"]
[EventDate "2019.06.05"]
[EventType "tourn"]
[EventCountry "USA"]
[SourceTitle "playchess.com"]
[Source "ChessBase"]
[SourceQuality "1"]

{[%evp 17,52,36,33,32,36,31,31,0,16,4,0,0,2,0,0,0,18,12,10,9,33,24,41,51,42,52,54,55,47,0,48,0,52,0,44,0,38]} 1. e4 e6 2. d4 d5 3. Nc3 Nf6 4. Bg5 dxe4 5. Nxe4 Be7 6. Bxf6 gxf6 7. Nf3 b6 8. Bb5+ c6 9. Bd3 Bb7 10. Qe2 {C13: French: Classical System: 4 Bg5 Be7, Alekhine-Chatard Attack} Nd7 {[%cal Bb8d7,Bd7f8,Bf8g6][%mdl 32]} 11. O-O-O Qc7 12. Ng3 {White is slightly better.} (12. Kb1 O-O-O 13. Rhe1 Kb8 14. g3 h6 15. Ned2 Rhe8 16. Qe3 Bf8 17. Bf1 f5 18. Ne5 Nxe5 19. dxe5 Rd7 20. Nc4 Red8 21. Rxd7 Qxd7 {0-1 (51) Flom,G (2448)-Antipov,M (2582) Bastia 2017}) 12... O-O-O 13. Kb1 Nf8 $146 ({Predecessor:} 13... c5 14. Ba6 cxd4 15. Nxd4 Nc5 16. Bxb7+ Qxb7 17. Qc4 Kb8 18. b4 Ka8 19. bxc5 Bxc5 20. Nb3 Bxf2 21. Ne4 Bh4 22. Nd6 Qxg2 23. Rhg1 {1-0 (23) Gongora Montes,B (2280)-Ibarra Chami,L Merida 2001}) 14. Ba6 Ng6 15. Bxb7+ Kxb7 16. Ne4 {[%cal Bg3e4,Be4d2,Bd2c4,Bc4e3][%mdl 32]} Rd7 17. g3 Rhd8 18. h4 Nf8 19. c3 f5 20. Ned2 Bf6 21. Nc4 $36 {[%mdl 2048] White has some pressure.} Rd5 22. Ne3 R5d7 23. Nc4 Rd5 $1 24. Ne3 R5d7 25. Nc4 Rd5 $1 26. Ne3 R5d7 {Accuracy: White = 71%, Black = 63%.} 1/2-1/2

[Event "CCCSA GM Norm A 2019"]
[Site "Charlotte"]
[Date "2019.06.09"]
[Round "7.5"]
[White "Gauri, Shankar"]
[Black "Hong, Andrew"]
[Result "0-1"]
[WhiteElo "2378"]
[BlackElo "2414"]
[Annotator "RC"]
[PlyCount "74"]
[EventDate "2019.06.05"]
[EventType "tourn"]
[EventCountry "USA"]
[SourceTitle "playchess.com"]
[Source "ChessBase"]
[SourceQuality "1"]
[TimeControl "5400+30"]

1. Nf3 {[%emt 0:03:57]} d5 {[%emt 0:00:00]} 2. g3 {[%emt 0:00:52]} g6 {[%emt 0:00:25]} 3. Bg2 {[%emt 0:00:36]} Bg7 {[%emt 0:00:10]} 4. d4 {[%emt 0:00:15]} Nf6 {[%emt 0:00:17]} 5. O-O {[%emt 0:00:08]} O-O {[%emt 0:00:06]} 6. c4 {[%emt 0:01:16]} dxc4 {[%emt 0:00:33]} 7. Na3 {[%emt 0:00:07]} c5 {[%emt 0:00:22]} 8. Nxc4 {[%emt 0:02:17]} Be6 {[%emt 0:01:00]} 9. b3 {[%emt 0:18:02]} Nc6 {[%emt 0:01:34]} 10. Bb2 {[%emt 0:01:20]} cxd4 {[%emt 0:02:15]} 11. Nxd4 {[%emt 0:00:52]} Nxd4 {[%emt 0:00:40]} 12. Bxd4 {[%emt 0:06:04]} b6 {[%emt 0:02:05]} 13. Ne5 {[%emt 0:18:09]} Bd5 {[%emt 0:29:18]} 14. Nc6 {[%emt 0:01:53]} Bxc6 {[%emt 0:05:51]} 15. Bxc6 {[%emt 0:01:47]} Rc8 {[%emt 0:00:27]} 16. Bg2 {[%emt 0:02:36]} Qd6 {[%emt 0:01:53]} 17. e3 {[%emt 0:00:23]} Rc7 {[%emt 0:02:39]} 18. Rc1 {[%emt 0:12:51]} Rfc8 {[%emt 0:03:34]} 19. Rxc7 {[%emt 0:02:37]} Qxc7 {[%emt 0:03:19]} 20. a4 {[%emt 0:03:14]} Ne8 {[%emt 0:01:46]} 21. Bxg7 {[%emt 0:03:38]} Kxg7 {[%emt 0:03:38]} 22. Qd4+ {[%emt 0:00:44]} Kg8 {[%emt 0:01:11]} 23. Rd1 {[%emt 0:00:56]} Nd6 {[%emt 0:02:25]} 24. e4 {[%emt 0:05:34]} Nb7 {[%emt 0:06:50]} 25. Qd7 {[%emt 0:07:28]} Nc5 {[%emt 0:03:25]} 26. Qb5 {[%emt 0:01:11]} Rd8 {[%emt 0:03:06]} 27. Rc1 {[%emt 0:02:13]} Qd6 {[%emt 0:06:21]} 28. Bf3 {[%emt 0:00:15]} Qf6 {[%emt 0:01:40]} 29. Kg2 {[%emt 0:02:43]} Rd3 {[%emt 0:03:43]} 30. Be2 {[%emt 0:00:03]} Rd2 {[%emt 0:03:03]} 31. Qc4 {[%emt 0:00:57]} Qb2 {[%emt 0:00:37]} 32. Re1 {[%emt 0:00:29]} Kg7 {[%emt 0:05:41]} 33. Rb1 {[%emt 0:00:31]} Qxb1 {[%emt 0:03:33]} 34. Qc3+ {[%emt 0:00:01]} e5 {[%emt 0:00:22]} 35. Qxe5+ {[%emt 0:00:59]} Kf8 {[%emt 0:00:51]} 36. Qb8+ {[%emt 0:00:30]} Ke7 {[%emt 0:00:35]} 37. Qe5+ {[%emt 0:00:27]} Ne6 {[%emt 0:00:36]} 0-1

[Event "CCCSA GM Norm A 2019"]
[Site "Charlotte"]
[Date "2019.06.09"]
[Round "8.1"]
[White "Ringoir, Tanguy"]
[Black "Gauri, Shankar"]
[Result "1/2-1/2"]
[WhiteElo "2500"]
[BlackElo "2378"]
[Annotator "ChessBase"]
[PlyCount "69"]
[EventDate "2019.06.05"]
[EventType "tourn"]
[EventCountry "USA"]
[SourceTitle "playchess.com"]
[Source "ChessBase"]
[SourceQuality "1"]
[TimeControl "5400+30"]

1. d4 {[%emt 0:00:00]} Nf6 {[%emt 0:00:00]} 2. c4 {[%emt 0:00:00]} e6 {[%emt 0:00:01]} 3. g3 {[%emt 0:00:00]} Bb4+ {[%emt 0:01:46]} 4. Bd2 {[%emt 0:00:00]} Be7 {[%emt 0:00:06]} 5. Bg2 {[%emt 0:00:06]} d5 {[%emt 0:00:09]} 6. Nf3 {[%emt 0:00:06]} c6 {[%emt 0:01:16]} 7. Qc2 {[%emt 0:00:05]} O-O {[%emt 0:00:16]} 8. O-O {[%emt 0:00:06]} b6 {[%emt 0:00:06]} 9. Bf4 {[%emt 0:01:43]} Bb7 {[%emt 0:00:57]} 10. Rd1 {[%emt 0:02:16]} Nbd7 {[%emt 0:06:25]} 11. Ne5 {[%emt 0:00:29]} Nh5 {[%emt 0:07:27]} 12. Bd2 {[%emt 0:06:44]} Nhf6 {[%emt 0:00:03]} 13. cxd5 {[%emt 0:00:55]} cxd5 {[%emt 0:00:05]} 14. Nc6 {[%emt 0:00:05]} Bxc6 {[%emt 0:00:05]} 15. Qxc6 {[%emt 0:00:03]} Rc8 {[%emt 0:03:44]} 16. Qb5 {[%emt 0:00:02]} Ne8 {[%emt 0:01:00]} 17. e3 {[%emt 0:01:37]} Nd6 {[%emt 0:00:37]} 18. Qe2 {[%emt 0:00:03]} b5 {[%emt 0:21:15]} 19. Be1 {[%emt 0:17:53]} Qb6 {[%emt 0:04:25]} 20. Nc3 {[%emt 0:06:42]} Nf6 {[%emt 0:16:43]} 21. Bf1 {[%emt 0:01:19]} Rb8 {[%emt 0:03:56]} 22. Rdc1 {[%emt 0:02:05]} Nc4 {[%emt 0:00:48]} 23. b3 {[%emt 0:02:08]} Na3 {[%emt 0:10:55]} 24. Qb2 {[%emt 0:00:09]} Rfc8 {[%emt 0:01:51]} 25. Bd3 {[%emt 0:00:01]} a6 {[%emt 0:02:29]} 26. Ne2 {[%emt 0:00:31]} b4 {[%emt 0:06:36]} 27. Rxc8+ {[%emt 0:00:15]} Rxc8 {[%emt 0:00:02]} 28. Rc1 {[%emt 0:00:04]} Qb7 {[%emt 0:01:03]} 29. f3 {[%emt 0:06:14]} g6 {[%emt 0:00:42]} 30. Bd2 {[%emt 0:05:12]} Ne8 {[%emt 0:01:40]} 31. e4 {[%emt 0:02:46]} dxe4 {[%emt 0:02:13]} 32. Bxe4 {[%emt 0:03:16]} Qd7 {[%emt 0:00:34]} 33. Rxc8 {[%emt 0:02:03]} Qxc8 {[%emt 0:00:01]} 34. Nf4 {[%emt 0:08:32]} Nf6 {[%emt 0:00:42]} 35. Kg2 {[%emt 0:01:35]} 1/2-1/2

[Event "CCCSA GM Norm A 2019"]
[Site "Charlotte"]
[Date "2019.06.09"]
[Round "8.2"]
[White "Zierk, Steven"]
[Black "Hong, Andrew"]
[Result "0-1"]
[WhiteElo "2501"]
[BlackElo "2414"]
[Annotator "ChessBase"]
[PlyCount "100"]
[EventDate "2019.06.05"]
[EventType "tourn"]
[EventCountry "USA"]
[SourceTitle "playchess.com"]
[Source "ChessBase"]
[SourceQuality "1"]
[TimeControl "5400+30"]

1. d4 {[%emt 0:01:08]} d5 {[%emt 0:00:04]} 2. c4 {[%emt 0:00:33]} e6 {[%emt 0:00:27]} 3. Nf3 {[%emt 0:00:51]} Nf6 {[%emt 0:00:30]} 4. g3 {[%emt 0:00:22]} dxc4 {[%emt 0:00:55]} 5. Bg2 {[%emt 0:01:39]} Bb4+ {[%emt 0:00:28]} 6. Bd2 {[%emt 0:00:23]} a5 {[%emt 0:00:23]} 7. a3 {[%emt 0:05:01]} Bxd2+ {[%emt 0:07:44]} 8. Nbxd2 {[%emt 0:00:24]} b5 {[%emt 0:01:29]} 9. a4 {[%emt 0:05:37]} c6 {[%emt 0:01:23]} 10. O-O {[%emt 0:04:53]} O-O {[%emt 0:02:52]} 11. Qc2 {[%emt 0:04:39]} Ba6 {[%emt 0:10:15]} 12. Rfd1 {[%emt 0:05:28]} Nbd7 {[%emt 0:16:01]} 13. Ne5 {[%emt 0:10:09]} Nxe5 {[%emt 0:08:19]} 14. dxe5 {[%emt 0:00:04]} Nd5 {[%emt 0:01:18]} 15. b3 {[%emt 0:02:15]} Qc7 {[%emt 0:08:48]} 16. bxc4 {[%emt 0:03:02]} bxc4 {[%emt 0:01:35]} 17. Nxc4 {[%emt 0:09:52]} Nb4 {[%emt 0:01:56]} 18. Qe4 {[%emt 0:00:25]} Bxc4 {[%emt 0:00:39]} 19. Qxc4 {[%emt 0:00:01]} Qxe5 {[%emt 0:00:26]} 20. Rac1 {[%emt 0:00:50]} Rac8 {[%emt 0:07:00]} 21. Qc5 {[%emt 0:08:25]} Qc7 {[%emt 0:02:48]} 22. Rd4 {[%emt 0:06:28]} Rfd8 {[%emt 0:04:25]} 23. Rdc4 {[%emt 0:00:45]} Rd6 {[%emt 0:02:11]} 24. Qh5 {[%emt 0:09:31]} Rcd8 {[%emt 0:03:41]} 25. Bf3 {[%emt 0:01:41]} Rd1+ {[%emt 0:07:17]} 26. Rxd1 {[%emt 0:00:13]} Rxd1+ {[%emt 0:00:01]} 27. Kg2 {[%emt 0:00:06]} h6 {[%emt 0:01:51]} 28. Rc5 {[%emt 0:01:38]} Qd8 {[%emt 0:02:06]} 29. Qe5 {[%emt 0:05:13]} Re1 {[%emt 0:02:11]} 30. Qc3 {[%emt 0:09:35]} Qd1 {[%emt 0:02:10]} 31. Rxa5 {[%emt 0:00:33]} Rg1+ {[%emt 0:01:45]} 32. Kh3 {[%emt 0:00:01]} Qf1+ {[%emt 0:00:59]} 33. Kg4 {[%emt 0:00:09]} Nd5 {[%emt 0:01:32]} 34. Bxd5 {[%emt 0:02:14]} cxd5 {[%emt 0:01:31]} 35. Qe3 {[%emt 0:02:05]} Rg2 {[%emt 0:00:00]} 36. Ra8+ {[%emt 0:01:01]} Kh7 {[%emt 0:00:00]} 37. Qd3+ {[%emt 0:00:35]} f5+ {[%emt 0:00:09]} 38. Kf4 {[%emt 0:00:00]} Qa1 {[%emt 0:01:12]} 39. Qe3 {[%emt 0:00:47]} Qf6 {[%emt 0:00:35]} 40. Kf3 {[%emt 0:00:46]} Rxh2 {[%emt 0:00:04]} 41. Re8 {[%emt 0:00:14]} d4 {[%emt 0:00:42]} 42. Qf4 {[%emt 0:00:46]} Qg6 {[%emt 0:00:40]} 43. Re7 {[%emt 0:00:30]} Qh5+ {[%emt 0:00:35]} 44. g4 {[%emt 0:00:01]} Qh4 {[%emt 0:00:22]} 45. Rxg7+ {[%emt 0:00:06]} Kxg7 {[%emt 0:00:05]} 46. Qe5+ {[%emt 0:00:02]} Kf7 {[%emt 0:00:54]} 47. Qc7+ {[%emt 0:00:01]} Kg6 {[%emt 0:00:21]} 48. gxf5+ {[%emt 0:00:01]} exf5 {[%emt 0:00:27]} 49. Qc6+ {[%emt 0:00:09]} Kg5 {[%emt 0:00:37]} 50. Qc1+ {[%emt 0:00:01]} Kh5 {[%emt 0:00:08]} 0-1

[Event "CCCSA GM Norm A 2019"]
[Site "Charlotte"]
[Date "2019.06.09"]
[Round "8.3"]
[White "Ostrovskiy, Aleksandr"]
[Black "Wang, Tianqi"]
[Result "1/2-1/2"]
[WhiteElo "2437"]
[BlackElo "2333"]
[Annotator "NA"]
[PlyCount "128"]
[EventDate "2019.06.05"]
[EventType "tourn"]
[EventCountry "USA"]
[SourceTitle "playchess.com"]
[Source "ChessBase"]
[SourceQuality "1"]
[TimeControl "5400+30"]

1. e4 {[%emt 0:09:04]} e5 {[%emt 0:00:00]} 2. Nf3 {[%emt 0:00:38]} Nc6 {[%emt 0:00:00]} 3. Bb5 {[%emt 0:00:47]} Nf6 {[%emt 0:00:00]} 4. O-O {[%emt 0:00:50]} Nxe4 {[%emt 0:00:03]} 5. Re1 {[%emt 0:01:16]} Nd6 {[%emt 0:00:08]} 6. Nxe5 {[%emt 0:00:08]} Be7 {[%emt 0:00:08]} 7. Bf1 {[%emt 0:00:20]} Nxe5 {[%emt 0:00:05]} 8. Rxe5 {[%emt 0:00:06]} O-O {[%emt 0:00:02]} 9. d4 {[%emt 0:00:10]} Ne8 {[%emt 0:00:25]} 10. d5 {[%emt 0:05:40]} d6 {[%emt 0:00:38]} 11. Re1 {[%emt 0:01:16]} Nf6 {[%emt 0:00:32]} 12. c4 {[%emt 0:12:30]} h6 {[%emt 0:01:25]} 13. Nc3 {[%emt 0:01:18]} Re8 {[%emt 0:00:21]} 14. Qf3 {[%emt 0:04:28]} Bd7 {[%emt 0:06:37]} 15. Bf4 {[%emt 0:04:39]} Bf8 {[%emt 0:00:54]} 16. Rxe8 {[%emt 0:09:05]} Bxe8 {[%emt 0:01:11]} 17. Re1 {[%emt 0:03:18]} Bd7 {[%emt 0:01:13]} 18. h3 {[%emt 0:02:18]} Nh7 {[%emt 0:05:52]} 19. Bd3 {[%emt 0:12:48]} g6 {[%emt 0:10:30]} 20. b3 {[%emt 0:07:58]} Bg7 {[%emt 0:01:35]} 21. Bd2 {[%emt 0:00:23]} Qf6 {[%emt 0:03:52]} 22. Qxf6 {[%emt 0:05:46]} Nxf6 {[%emt 0:00:28]} 23. g4 {[%emt 0:00:28]} a6 {[%emt 0:01:43]} 24. a4 {[%emt 0:02:03]} Re8 {[%emt 0:00:18]} 25. Rxe8+ {[%emt 0:04:48]} Nxe8 {[%emt 0:00:59]} 26. a5 {[%emt 0:01:01]} c5 {[%emt 0:04:56]} 27. dxc6 {[%emt 0:03:22]} Bxc6 {[%emt 0:00:26]} 28. b4 {[%emt 0:00:52]} Nc7 {[%emt 0:03:48]} 29. b5 {[%emt 0:01:51]} Bd7 {[%emt 0:00:25]} 30. b6 {[%emt 0:00:47]} Ne6 {[%emt 0:00:37]} 31. Ne4 {[%emt 0:03:43]} Nc5 {[%emt 0:14:39]} 32. Nxc5 {[%emt 0:00:09]} dxc5 {[%emt 0:00:03]} 33. Be4 {[%emt 0:00:07]} Bc8 {[%emt 0:00:04]} 34. Kg2 {[%emt 0:01:57]} Bf8 {[%emt 0:00:51]} 35. f4 {[%emt 0:00:47]} f5 {[%emt 0:01:25]} 36. Bd5+ {[%emt 0:00:06]} Kh7 {[%emt 0:00:07]} 37. Kg3 {[%emt 0:01:03]} Be7 {[%emt 0:00:16]} 38. Be3 {[%emt 0:00:38]} Kg7 {[%emt 0:00:12]} 39. Bc1 {[%emt 0:00:26]} h5 {[%emt 0:03:00]} 40. gxh5 {[%emt 0:00:19]} gxh5 {[%emt 0:00:05]} 41. Bb2+ {[%emt 0:00:27]} Kg6 {[%emt 0:00:07]} 42. h4 {[%emt 0:00:48]} Bf8 {[%emt 0:00:49]} 43. Be5 {[%emt 0:00:09]} Be7 {[%emt 0:00:07]} 44. Bf3 {[%emt 0:00:15]} Bf8 {[%emt 0:00:07]} 45. Bb8 {[%emt 0:00:42]} Be7 {[%emt 0:00:08]} 46. Bc7 {[%emt 0:00:05]} Bf8 {[%emt 0:00:15]} 47. Bd1 {[%emt 0:01:08]} Bd7 {[%emt 0:00:38]} 48. Bf3 {[%emt 0:00:11]} Bc8 {[%emt 0:00:04]} 49. Bh1 {[%emt 0:00:20]} Be7 {[%emt 0:00:16]} 50. Bg2 {[%emt 0:00:34]} Bf8 {[%emt 0:00:39]} 51. Bd8 {[%emt 0:00:26]} Bd6 {[%emt 0:00:12]} 52. Bf3 {[%emt 0:00:45]} Bf8 {[%emt 0:00:05]} 53. Bg5 {[%emt 0:00:33]} Bd6 {[%emt 0:00:10]} 54. Bd5 {[%emt 0:00:39]} Bf8 {[%emt 0:00:10]} 55. Kg2 {[%emt 0:00:25]} Bd6 {[%emt 0:00:05]} 56. Kf2 {[%emt 0:00:19]} Bf8 {[%emt 0:00:16]} 57. Bf3 {[%emt 0:00:36]} Bd6 {[%emt 0:00:07]} 58. Bd1 {[%emt 0:00:44]} Bd7 {[%emt 0:00:07]} 59. Bf3 {[%emt 0:00:14]} Bc8 {[%emt 0:00:05]} 60. Ke3 {[%emt 0:00:26]} Bf8 {[%emt 0:00:05]} 61. Bd5 {[%emt 0:00:33]} Bd6 {[%emt 0:00:08]} 62. Kf3 {[%emt 0:00:31]} Bf8 {[%emt 0:00:03]} 63. Bd8 {[%emt 0:00:27]} Bd6 {[%emt 0:00:05]} 64. Kg3 {[%emt 0:00:38]} Bf8 {[%emt 0:00:04]} 1/2-1/2